000 00787nam a22002537a 4500
999 _c13522
_d13522
003 MIRAKIL
005 20191004151219.0
008 191004b tu ||||| |||| 00| 0 tur d
020 _a9754581509
040 _aTR-AnCHP
_cTR-AnCHP
041 _atur
082 _a956.101543092
_bT65b 1999
100 _aTonguç, Faik
245 1 0 _aBirinci Dünya Savaşı'nda bir yedek subayın anıları/
_cFaik Tonguç.
250 _a2 bs.
260 _aİstanbul:
_bTürkiye İş Bankası Kültür Yayınları,
_c1999.
300 _a376 s.:
_bfotg.;
_c20 sm.
490 0 _aGenel Yayın;
_v409.
504 _aDizin vardır.
600 0 _95999
_aTonguç, Faik
_xYaşamöyküsü.
650 0 _95057
_aTarih
_xOsmanlı İmparatorluğu
650 0 _919
_aTürk edebiyatı
_xAnılar
942 _2ddc
_cBKS